| 000 | 00433pab a2200157 454500 | ||
|---|---|---|---|
| 008 | 180718b1997 xxu||||| |||| 00| 0 eng d | ||
| 100 | _aRamachandran, K. | ||
| 245 | _aA micro focus on income and employment generation of social forestry | ||
| 260 | _c1997 | ||
| 300 | _ap.85-86 | ||
| 362 | _aJan-Feb | ||
| 650 | _aForest management - India - Tamil Nadu | ||
| 650 | _aForest management | ||
| 773 | _aKurukshetra | ||
| 909 | _a34071 | ||
| 999 |
_c34071 _d34071 |
||